000 00906cam a2200289 4500
008 090401t1992 xxu||||| |||| 00| 0 eng d
020 _a0854065571
035 _a(Sirsi) u56743
041 _aeng
050 _a333.70285
_c18
090 _aRICS 1992/58ABCD
100 _aDale, Peter
245 _aDomesday 2000
_bthe impact of a National Land Information System on the UK surveying profession.
260 _aLondon
_bRICS
_c1992
300 _a7p.
_c30cm.
350 _a2.95
490 _aRICS Research Paper Series
_v(14)
520 _aDelivered by Professor Peter Dale at the Nelson Bakewell Lecture on 26th May 1992.
650 _aDOMESDAY 2000
650 _aLAND INFORMATION SYSTEMS
650 _aNATIONAL LAND INFORMATION SERVICE
650 _aSURVEYORS
690 _aLAND SURVEYING
710 _aRoyal Institution of Chartered Surveyors
_94900
942 _n0
948 _c04/03/1997
999 _c93828
_d93828